[Event "Titled Tuesday intern op 19th Dec Early"]
[Site "Chess.com INT"]
[Date "2023.12.19"]
[Round "6"]
[White "Rakhimgaliyev, Yerlan"]
[Black "Fromm, Marius"]
[Result "0-1"]
[WhiteElo "2251"]
[BlackElo "2437"]
[PlyCount "76"]
[EventDate "2023.12.19"]
[EventType "swiss (blitz)"]
[EventRounds "11"]
[EventCountry "USA"]
[SourceTitle "CB52_2023"]
[SourceDate "2023.12.27"]
[SourceVersion "1"]
[SourceVersionDate "2023.12.27"]
[SourceQuality "1"]

1. e4 c5 2. c3 d5 3. exd5 Qxd5 4. d4 Nf6 5. Nf3 e6 6. Be2 cxd4 7. cxd4 Nc6 8. Nc3 Qd7 9. 0-0 Be7 10. Bb5 0-0 11. Ne5 Qc7 12. Bxc6 bxc6 13. Qa4 c5 14. Bf4 cxd4 15. Nb5 Qb6 16. Rac1 Ba6 17. Rc6 Bxb5 18. Rxb6 Bxa4 19. Rb7 Bd6 20. b3 Bxe5 21. Bxe5 Bc6 22. Rc7 Rfc8 23. Rxc8+ Rxc8 24. Bxd4 a6 25. f3 Nd5 26. Rc1 Bb7 27. Bc5 Nb4 28. Rd1 Nxa2 29. Rd7 Bd5 30. Ra7 h5 31. b4 Bc4 32. Kf2 Bb5 33. Ke3 Rd8 34. h4 Nc3 35. Be7 Rd3+ 36. Kf4 Nd5+ 37. Kg5 Nxe7 38. Rxe7 Rd5+ 0-1

[Event "Titled Tuesday intern op 19th Dec Early"]
[Site "Chess.com INT"]
[Date "2023.12.19"]
[Round "2"]
[White "Rakhimgaliyev, Yerlan"]
[Black "Vila Dupla, Aurelio"]
[Result "1-0"]
[WhiteElo "2251"]
[BlackElo "2030"]
[PlyCount "59"]
[EventDate "2023.12.19"]
[EventType "swiss (blitz)"]
[EventRounds "11"]
[EventCountry "USA"]
[SourceTitle "CB52_2023"]
[SourceDate "2023.12.27"]
[SourceVersion "1"]
[SourceVersionDate "2023.12.27"]
[SourceQuality "1"]

1. e4 c5 2. c3 d5 3. exd5 Qxd5 4. d4 Nf6 5. Nf3 Bg4 6. Be2 e6 7. 0-0 Nc6 8. h3 Bh5 9. Na3 cxd4 10. Nb5 Rc8 11. Nbxd4 Bc5 12. Nxc6 Qxc6 13. Ne5 Bxe2 14. Qxe2 Qb6 15. b4 Be7 16. Be3 Qc7 17. Qb5+ Kf8 18. Bxa7 Bd6 19. Bd4 Nd5 20. Rac1 f6 21. Nd7+ Kf7 22. Nc5 Bxc5 23. Bxc5 b6 24. c4 Ne7 25. Bxb6 Qb7 26. c5 Qc6 27. Qxc6 Nxc6 28. b5 Nb4 29. a4 Nd5 30. a5 1-0

[Event "Titled Tuesday intern op 19th Dec Early"]
[Site "Chess.com INT"]
[Date "2023.12.19"]
[Round "1"]
[White "Yeletsky, Ivan"]
[Black "Rakhimgaliyev, Yerlan"]
[Result "1-0"]
[WhiteElo "2504"]
[BlackElo "2251"]
[PlyCount "77"]
[EventDate "2023.12.19"]
[EventType "swiss (blitz)"]
[EventRounds "11"]
[EventCountry "USA"]
[SourceTitle "CB52_2023"]
[SourceDate "2023.12.27"]
[SourceVersion "1"]
[SourceVersionDate "2023.12.27"]
[SourceQuality "1"]

1. e4 e5 2. Nf3 d6 3. d4 exd4 4. Qxd4 Nf6 5. Bg5 Be7 6. Nc3 Nc6 7. Qd2 0-0 8. 0-0-0 Be6 9. Bb5 Rb8 10. Rhe1 a6 11. Ba4 b5 12. Bb3 h6 13. Bh4 Nd7 14. Bxe7 Qxe7 15. Kb1 Nc5 16. Bd5 Bd7 17. Bxc6 Bxc6 18. Nd4 Ba8 19. f3 Qh4 20. g4 b4 21. Nce2 Na4 22. Ka1 d5 23. e5 c5 24. Nf5 Qd8 25. Nf4 d4 26. Nxg7 Bxf3 27. Nf5 Bxd1 28. Rxd1 c4 29. Nd5 Qxd5 30. Ne7+ Kg7 31. Nxd5 c3 32. Qxd4 cxb2+ 33. Kb1 Nc3+ 34. Nxc3 bxc3 35. e6+ f6 36. Qxc3 Rfd8 37. Rd7+ Rxd7 38. exd7 Rd8 39. Qc7 1-0

[Event "Titled Tuesday intern op 05th Sep Early"]
[Site "Chess.com INT"]
[Date "2023.09.05"]
[Round "5"]
[White "Aswath, S."]
[Black "Rakhimgaliyev, Yerlan"]
[Result "1-0"]
[WhiteElo "2335"]
[BlackElo "2251"]
[PlyCount "87"]
[EventDate "2023.09.05"]
[EventType "swiss (blitz)"]
[EventRounds "11"]
[EventCountry "USA"]
[SourceTitle "EXT 2024"]
[Source "ChessBase"]
[SourceDate "2023.10.10"]
[SourceVersion "1"]
[SourceVersionDate "2023.10.10"]
[SourceQuality "1"]

1. e4 e5 2. Nf3 d6 3. d4 exd4 4. Qxd4 Nf6 5. Nc3 Be7 6. Bb5+ c6 7. Be2 0-0 8. 0-0 Re8 9. a4 Be6 10. Bg5 Nbd7 11. Rfd1 Qb6 12. a5 Qc7 13. h3 h6 14. Bf4 a6 15. Bxd6 Bxd6 16. Qxd6 Qxd6 17. Rxd6 Nc5 18. Rd4 Rad8 19. Rad1 Rxd4 20. Rxd4 Kf8 21. b4 Ncd7 22. e5 Nd5 23. Ne4 Rb8 24. Bc4 b6 25. Bxd5 Bxd5 26. Nc3 Bxf3 27. Rxd7 Bh5 28. Ne4 bxa5 29. bxa5 Rb5 30. f4 Rxa5 31. g4 Bg6 32. Nd6 Bxc2 33. Rxf7+ Kg8 34. Rc7 Bb3 35. Nf5 Bd5 36. Rxg7+ Kf8 37. Ra7 Ra1+ 38. Kf2 a5 39. Nd4 a4 40. e6 Rd1 41. e7+ Kf7 42. Nf5 Be6 43. Ng7 Bd7 44. Rxd7 1-0

[Event "Titled Tuesday intern op 05th Sep Early"]
[Site "Chess.com INT"]
[Date "2023.09.05"]
[Round "4"]
[White "Goryachkina, Aleksandra"]
[Black "Rakhimgaliyev, Yerlan"]
[Result "1-0"]
[WhiteElo "2558"]
[BlackElo "2251"]
[PlyCount "133"]
[EventDate "2023.09.05"]
[EventType "swiss (blitz)"]
[EventRounds "11"]
[EventCountry "USA"]
[SourceTitle "EXT 2024"]
[Source "ChessBase"]
[SourceDate "2023.10.10"]
[SourceVersion "1"]
[SourceVersionDate "2023.10.10"]
[SourceQuality "1"]

1. e4 e5 2. Nf3 d6 3. d4 exd4 4. Qxd4 Nf6 5. Nc3 Be7 6. Bg5 Nc6 7. Qd3 0-0 8. Be2 Be6 9. 0-0 h6 10. Bh4 Re8 11. Rad1 Nh5 12. Bxe7 Qxe7 13. Qd2 Qf6 14. Rfe1 Nf4 15. Kh1 Rad8 16. Nd4 Nxe2 17. Rxe2 Ne5 18. Nxe6 fxe6 19. f3 Ng6 20. Qe1 Rf8 21. b3 Kh7 22. Re3 Qg5 23. Qf2 Rf7 24. Ne2 Rdf8 25. Rc3 a5 26. a4 Ne5 27. Qg3 Qh5 28. Nd4 Re8 29. Nb5 Ree7 30. h3 g5 31. Re3 Qg6 32. Ree1 h5 33. Nd4 Qf6 34. Ne2 Rg7 35. Rf1 Kg8 36. Qf2 Ref7 37. Qd4 g4 38. f4 gxh3 39. gxh3 Qh4 40. Qe3 Ng4 41. Qf3 Rf6 42. Qg3 Qxg3 43. Nxg3 Ne3 44. Nxh5 Nxd1 45. Rxd1 Rh6 46. Nxg7 Kxg7 47. Kg2 Kf6 48. Kg3 Rg6+ 49. Kf3 Rh6 50. Kg3 e5 51. f5 Rh7 52. Rf1 Rg7+ 53. Kf3 Rh7 54. Kg3 Kg5 55. f6 Rf7 56. Rf5+ Kg6 57. Kg4 c6 58. c4 Kh6 59. h4 Kg6 60. h5+ Kh6 61. Kh4 b6 62. Kg4 Rf8 63. f7 Kg7 64. Kg5 Rxf7 65. h6+ Kg8 66. Rxf7 Kxf7 67. Kf5 1-0

[Event "Titled Tuesday intern op 05th Sep Early"]
[Site "Chess.com INT"]
[Date "2023.09.05"]
[Round "8"]
[White "Leenhouts, Koen"]
[Black "Rakhimgaliyev, Yerlan"]
[Result "0-1"]
[WhiteElo "2444"]
[BlackElo "2251"]
[PlyCount "130"]
[EventDate "2023.09.05"]
[EventType "swiss (blitz)"]
[EventRounds "11"]
[EventCountry "USA"]
[SourceTitle "EXT 2024"]
[Source "ChessBase"]
[SourceDate "2023.10.10"]
[SourceVersion "1"]
[SourceVersionDate "2023.10.10"]
[SourceQuality "1"]

1. d4 Nf6 2. c4 g6 3. Nc3 Bg7 4. e4 d6 5. f3 0-0 6. Bg5 Nbd7 7. Nh3 h6 8. Be3 c5 9. d5 Kh7 10. Nf2 a6 11. a4 Re8 12. Be2 Nf8 13. 0-0 e6 14. Qd2 Rb8 15. a5 b6 16. axb6 Qxb6 17. Ra2 exd5 18. cxd5 a5 19. Rfa1 N6d7 20. Nfd1 Ba6 21. Bxa6 Qxa6 22. Rxa5 Qc4 23. R5a4 Qb3 24. R1a3 Qb6 25. Ra6 Qc7 26. Ra7 Rb7 27. Rxb7 Qxb7 28. h4 Ne5 29. Qe2 Ra8 30. Qb5 Qc8 31. h5 Rb8 32. Qe2 gxh5 33. Ra7 Nfg6 34. f4 Ng4 35. Rxf7 Kg8 36. Ra7 Nxe3 37. Nxe3 Nxf4 38. Qf3 Be5 39. Nc4 Bd4+ 40. Kh2 Qg4 41. Qxg4+ hxg4 42. Nxd6 Rxb2 43. Nf5 Rxg2+ 44. Kh1 Rg1+ 45. Kh2 g3+ 46. Nxg3 Rg2+ 47. Kh1 Rxg3 48. Nb5 Be5 49. d6 Nh3 50. Kh2 Nf2 51. d7 Ng4+ 52. Kh1 Bf6 53. Ra8+ Kf7 54. d8Q Bxd8 55. Rxd8 h5 56. Rd5 h4 57. Rxc5 h3 58. Rc1 h2 59. Rf1+ Ke6 60. Nd4+ Ke5 61. Nf5 Rd3 62. Nh4 Kxe4 63. Re1+ Kf4 64. Ng2+ Kg3 65. Rf1 Rd1 0-1

[Event "Titled Tuesday intern op 05th Sep Early"]
[Site "Chess.com INT"]
[Date "2023.09.05"]
[Round "9"]
[White "Rakhimgaliyev, Yerlan"]
[Black "Causo, Deniel"]
[Result "0-1"]
[WhiteElo "2251"]
[BlackElo "2224"]
[PlyCount "126"]
[EventDate "2023.09.05"]
[EventType "swiss (blitz)"]
[EventRounds "11"]
[EventCountry "USA"]
[SourceTitle "EXT 2024"]
[Source "ChessBase"]
[SourceDate "2023.10.10"]
[SourceVersion "1"]
[SourceVersionDate "2023.10.10"]
[SourceQuality "1"]

1. e4 d5 2. exd5 Nf6 3. d4 Bg4 4. f3 Bf5 5. g4 Bg6 6. h4 h6 7. h5 Bh7 8. c4 e6 9. Qa4+ c6 10. dxc6 Nxc6 11. Be3 Bb4+ 12. Nc3 0-0 13. Nge2 Re8 14. Kf2 e5 15. d5 Bxc3 16. bxc3 e4 17. Ng3 exf3 18. Bh3 Ne5 19. Bd4 Nfxg4+ 20. Bxg4 Nxg4+ 21. Kxf3 Qg5 22. Rae1 Nh2+ 23. Kg2 Qd2+ 24. Kh3 Rxe1 25. Rxe1 Qxe1 26. Kxh2 Be4 27. Qd7 Qd2+ 28. Kh3 Qg2+ 29. Kg4 Qf3+ 30. Kh3 Bd3 31. Qg4 Bf1+ 32. Kh4 Qxg4+ 33. Kxg4 Bxc4 34. d6 Bxa2 35. Kf4 Be6 36. Ne4 a5 37. Nc5 b6 38. Na4 b5 39. Nb6 Rd8 40. Ke5 Bc4 41. Bc5 f6+ 42. Kd4 Kf7 43. Nxc4 bxc4 44. Kxc4 Ke6 45. Kb5 Rc8 46. c4 a4 47. Ba3 Kd7 48. c5 Rc6 49. Kxa4 f5 50. Kb5 f4 51. Bc1 f3 52. Be3 Rc8 53. Kc4 Kc6 54. Kd4 Re8 55. Bg1 Re1 56. Be3 Rd1+ 57. Ke4 f2 58. Bxf2 Rh1 59. Kf5 Rxh5+ 60. Kg6 Rg5+ 61. Kh7 h5 62. Be3 Rg4 63. Bf2 h4 0-1

[Event "Titled Tuesday intern op 05th Sep Early"]
[Site "Chess.com INT"]
[Date "2023.09.05"]
[Round "3"]
[White "Rakhimgaliyev, Yerlan"]
[Black "Dobrikov, Marco"]
[Result "1-0"]
[WhiteElo "2251"]
[BlackElo "2252"]
[PlyCount "85"]
[EventDate "2023.09.05"]
[EventType "swiss (blitz)"]
[EventRounds "11"]
[EventCountry "USA"]
[SourceTitle "EXT 2024"]
[Source "ChessBase"]
[SourceDate "2023.10.10"]
[SourceVersion "1"]
[SourceVersionDate "2023.10.10"]
[SourceQuality "1"]

1. e4 c5 2. Nc3 d6 3. Bb5+ Bd7 4. Bxd7+ Nxd7 5. f4 e6 6. Nf3 Ne7 7. 0-0 Nc6 8. d3 Be7 9. Kh1 0-0 10. f5 exf5 11. Bf4 fxe4 12. dxe4 Nde5 13. Nd5 f6 14. c3 Nxf3 15. Qxf3 Ne5 16. Qg3 Rc8 17. Rad1 Rf7 18. Ne3 Bf8 19. Nf5 Qc7 20. Nh6+ Kh8 21. Nxf7+ Nxf7 22. h4 Re8 23. Rfe1 Qc6 24. Qf3 Qa4 25. a3 Qb3 26. Rd2 b5 27. h5 a5 28. h6 g6 29. Red1 Re6 30. Qh3 Qc4 31. Rd3 Kg8 32. Bc1 Qxe4 33. Re3 Qc2 34. Rde1 Rxe3 35. Qxe3 Bxh6 36. Qe8+ Bf8 37. Rf1 Qd3 38. Rxf6 Qd1+ 39. Kh2 Qh5+ 40. Kg1 Qd1+ 41. Rf1 Qd5 42. Bh6 Nxh6 43. Qxf8# 1-0

[Event "Titled Tuesday intern op 05th Sep Early"]
[Site "Chess.com INT"]
[Date "2023.09.05"]
[Round "2"]
[White "Rakhimgaliyev, Yerlan"]
[Black "Srihari, LR."]
[Result "0-1"]
[WhiteElo "2251"]
[BlackElo "2444"]
[PlyCount "74"]
[EventDate "2023.09.05"]
[EventType "swiss (blitz)"]
[EventRounds "11"]
[EventCountry "USA"]
[SourceTitle "EXT 2024"]
[Source "ChessBase"]
[SourceDate "2023.10.10"]
[SourceVersion "1"]
[SourceVersionDate "2023.10.10"]
[SourceQuality "1"]

1. e4 d6 2. d4 Nf6 3. Nc3 e5 4. Nf3 exd4 5. Nxd4 Be7 6. Bf4 0-0 7. Qd2 Nc6 8. 0-0-0 Nxd4 9. Qxd4 Be6 10. f3 a6 11. g4 b5 12. g5 Nh5 13. Be3 Bxg5 14. Rg1 Bxe3+ 15. Qxe3 Qf6 16. Kb1 Rfe8 17. Ne2 g6 18. f4 Bc4 19. f5 Qxf5 20. Qh6 Qe5 21. Rg5 Qg7 22. Rxh5 gxh5 23. Qxh5 Re5 24. Qf3 Bxe2 25. Bxe2 Rae8 26. Qf2 R8e6 27. Bd3 c5 28. c3 Kh8 29. a4 Qf6 30. Qc2 c4 31. Bf1 Rxe4 32. Bh3 Re2 33. Qc1 R6e3 34. Rf1 Qg6+ 35. Bf5 Qg2 36. Rd1 Rf3 37. Bd7 Rff2 0-1

[Event "Titled Tuesday intern op 05th Sep Early"]
[Site "Chess.com INT"]
[Date "2023.09.05"]
[Round "1"]
[White "Tregubov, Pavel V"]
[Black "Rakhimgaliyev, Yerlan"]
[Result "0-1"]
[WhiteElo "2567"]
[BlackElo "2251"]
[PlyCount "138"]
[EventDate "2023.09.05"]
[EventType "swiss (blitz)"]
[EventRounds "11"]
[EventCountry "USA"]
[SourceTitle "EXT 2024"]
[Source "ChessBase"]
[SourceDate "2023.10.10"]
[SourceVersion "1"]
[SourceVersionDate "2023.10.10"]
[SourceQuality "1"]

1. e4 e5 2. Nf3 d6 3. d4 exd4 4. Nxd4 Nf6 5. Nc3 Be7 6. Bc4 0-0 7. 0-0 Re8 8. Re1 Bf8 9. a4 Nbd7 10. Ba2 a5 11. Bg5 h6 12. Bh4 c6 13. Qf3 Ne5 14. Qe2 Qb6 15. Qd2 g5 16. Bg3 Nh5 17. Nf5 Nxg3 18. hxg3 d5 19. Nd4 dxe4 20. Nxe4 Bg7 21. c3 Bd7 22. Qc2 Rad8 23. Nd6 Re7 24. N6f5 Ree8 25. Nxg7 Kxg7 26. Nf5+ Bxf5 27. Qxf5 Qc7 28. Re4 Ng6 29. Rae1 Rxe4 30. Qxe4 Rd7 31. Qf5 Rd6 32. Re8 Rf6 33. Rg8+ Kxg8 34. Qxf6 Kf8 35. Bb1 Qe7 36. Qf5 Kg7 37. Kh2 Qe5 38. Qf3 Ne7 39. Ba2 Nf5 40. Qh5 Nd6 41. Qg4 Qf5 42. Qd4+ Qf6 43. Qc5 Ne4 44. Qe3 Nxf2 45. Kg1 Ng4 46. Qf3 Qxf3 47. gxf3 Ne5 48. Kg2 Kf6 49. Bb1 Nc4 50. b3 Nd6 51. Kf2 Ke5 52. Ke3 f5 53. f4+ gxf4+ 54. gxf4+ Kf6 55. Bd3 h5 56. Be2 h4 57. Kf3 Ne4 58. c4 Nd2+ 59. Kg2 Nxb3 60. Kh3 Nd4 61. Bd1 Ne6 62. Kxh4 Nxf4 63. Kg3 Ke5 64. Kf3 Ne6 65. Ke3 f4+ 66. Kd3 Nc5+ 67. Ke2 Ke4 68. Bc2+ Kd4 69. Kf3 Kc3 0-1

[Event "Titled Tuesday intern op 08th Aug Early"]
[Site "Chess.com INT"]
[Date "2023.08.08"]
[Round "2"]
[White "Floresvillar Gonzalez, Luis Miguel"]
[Black "Rakhimgaliyev, Yerlan"]
[Result "0-1"]
[WhiteElo "2019"]
[BlackElo "2251"]
[PlyCount "58"]
[EventDate "2023.08.08"]
[EventType "swiss (blitz)"]
[EventRounds "11"]
[EventCountry "USA"]
[SourceTitle "EXT 2024"]
[Source "ChessBase"]
[SourceDate "2023.10.10"]
[SourceVersion "1"]
[SourceVersionDate "2023.10.10"]
[SourceQuality "1"]

1. d4 Nf6 2. c3 c5 3. Nf3 b6 4. Bg5 Bb7 5. e3 Ne4 6. Bf4 d6 7. Nbd2 Nd7 8. Bd3 Nxd2 9. Qxd2 h5 10. h3 e6 11. Qe2 Be7 12. 0-0 g5 13. Bh2 g4 14. hxg4 hxg4 15. Nd2 Nf6 16. e4 Nh5 17. Bb5+ Kf8 18. Qxg4 Nf6 19. Qe2 a6 20. Bd3 Rg8 21. f3 Nh5 22. e5 Bg5 23. exd6 Nf4 24. Bxf4 Bxf4 25. Be4 Qh4 26. g4 Rh8 27. Bxb7 Bh2+ 28. Kg2 Qg3+ 29. Kh1 Bg1+ 0-1

[Event "Titled Tuesday intern op 08th Aug Early"]
[Site "Chess.com INT"]
[Date "2023.08.08"]
[Round "8"]
[White "Kohler, Aran"]
[Black "Rakhimgaliyev, Yerlan"]
[Result "0-1"]
[WhiteElo "2011"]
[BlackElo "2251"]
[PlyCount "61"]
[EventDate "2023.08.08"]
[EventType "swiss (blitz)"]
[EventRounds "11"]
[EventCountry "USA"]
[SourceTitle "EXT 2024"]
[Source "ChessBase"]
[SourceDate "2023.10.10"]
[SourceVersion "1"]
[SourceVersionDate "2023.10.10"]
[SourceQuality "1"]

1. d4 Nf6 2. c3 g6 3. Bg5 Bg7 4. Nd2 d5 5. e3 0-0 6. Bd3 c5 7. Ngf3 Nc6 8. h4 Bg4 9. dxc5 a5 10. e4 d4 11. c4 Nd7 12. a3 Nxc5 13. Qc2 Qb6 14. b3 e5 15. h5 h6 16. Bh4 g5 17. Bg3 f5 18. Rb1 f4 19. Bh2 Bxh5 20. Kf1 Bf6 21. Ne1 Bg6 22. f3 h5 23. Bg1 g4 24. fxg4 hxg4 25. b4 axb4 26. axb4 Nxb4 27. Qb3 Nxb3 28. Rxb3 Ra1 29. c5 Qxc5 30. Bc4+ Bf7 31. Rh8+ 0-1

[Event "Titled Tuesday intern op 08th Aug Early"]
[Site "Chess.com INT"]
[Date "2023.08.08"]
[Round "5"]
[White "Mishra, Manoj"]
[Black "Rakhimgaliyev, Yerlan"]
[Result "1/2-1/2"]
[WhiteElo "1902"]
[BlackElo "2251"]
[PlyCount "85"]
[EventDate "2023.08.08"]
[EventType "swiss (blitz)"]
[EventRounds "11"]
[EventCountry "USA"]
[SourceTitle "EXT 2024"]
[Source "ChessBase"]
[SourceDate "2023.10.10"]
[SourceVersion "1"]
[SourceVersionDate "2023.10.10"]
[SourceQuality "1"]

1. d4 Nf6 2. c4 g6 3. g3 Bg7 4. Bg2 0-0 5. b3 c6 6. e4 d5 7. e5 Ne8 8. cxd5 cxd5 9. Nc3 Nc7 10. Nge2 Nc6 11. 0-0 b5 12. a3 a5 13. Bb2 Ba6 14. Qc2 Qd7 15. Rfc1 Rfc8 16. Qd2 Rab8 17. h4 h5 18. Nf4 Bh6 19. Nce2 b4 20. axb4 Nxb4 21. Rxa5 Ne6 22. Qe1 Bxe2 23. Rxc8+ Qxc8 24. Nxe6 Bg4 25. Nc5 Qf5 26. Bc1 Bxc1 27. Qxc1 Nd3 28. Nxd3 Qxd3 29. Rxd5 Rxb3 30. Kh2 Kg7 31. e6 Bxe6 32. Ra5 Qe2 33. Qf4 Rb2 34. d5 Bf5 35. d6 exd6 36. Qxd6 Qxf2 37. Qe5+ Kh7 38. Qd5 Rd2 39. Qxf7+ Kh6 40. Qf8+ Kh7 41. Qf7+ Kh6 42. Qf8+ Kh7 43. Qf7+ 1/2-1/2

[Event "Uralsk op"]
[Site "Uralsk"]
[Date "2023.07.22"]
[Round "2"]
[White "Rakhimgaliyev, Yerlan"]
[Black "Sethuraman, SP."]
[Result "0-1"]
[WhiteElo "2279"]
[BlackElo "2602"]
[PlyCount "70"]
[EventDate "2023.07.21"]
[EventType "swiss"]
[EventRounds "9"]
[EventCountry "KAZ"]
[SourceTitle "CBM 215 Extra"]
[Source "ChessBase"]
[SourceDate "2023.09.30"]
[SourceVersion "1"]
[SourceVersionDate "2023.09.30"]
[SourceQuality "1"]

1. e4 e5 2. Nf3 Nc6 3. Bb5 a6 4. Ba4 d6 5. d4 Bd7 6. 0-0 Nf6 7. Re1 b5 8. Bb3 Nxd4 9. Nxd4 exd4 10. c3 dxc3 11. Nxc3 Be7 12. Bg5 h6 13. Bh4 0-0 14. Rc1 c5 15. Bxf6 Bxf6 16. Qxd6 c4 17. Bc2 Be6 18. Qg3 b4 19. Nd5 Bxb2 20. Rcd1 Qa5 21. Ne7+ Kh8 22. e5 Rae8 23. Qh4 Qc7 24. Nd5 Bxd5 25. Rxd5 Bxe5 26. g3 Bf6 27. Rxe8 Rxe8 28. Qg4 Qc6 29. Be4 Qe6 30. Qxe6 Rxe6 31. f3 b3 32. axb3 cxb3 33. Kf1 Rxe4 34. fxe4 b2 35. Rd1 a5 0-1

[Event "Titled Tuesday intern op 28th Mar Early"]
[Site "Chess.com INT"]
[Date "2023.03.28"]
[Round "1"]
[White "Moussard, Jules"]
[Black "Rakhimgaliyev, Yerlan"]
[Result "1-0"]
[WhiteElo "2684"]
[BlackElo "2279"]
[PlyCount "173"]
[EventDate "2023.03.28"]
[EventType "swiss (blitz)"]
[EventRounds "11"]
[EventCountry "USA"]
[SourceTitle "EXT 2024"]
[Source "ChessBase"]
[SourceDate "2023.10.10"]
[SourceVersion "1"]
[SourceVersionDate "2023.10.10"]
[SourceQuality "1"]

1. Nf3 Nf6 2. g3 g6 3. Bg2 Bg7 4. 0-0 0-0 5. d4 d6 6. Nc3 Na6 7. e4 e5 8. Re1 Bg4 9. h3 Bxf3 10. Bxf3 exd4 11. Qxd4 Re8 12. Qd1 Nc5 13. Bg2 c6 14. a4 d5 15. exd5 Rxe1+ 16. Qxe1 cxd5 17. Bg5 d4 18. Nd5 Ne6 19. Bxf6 Bxf6 20. Qb4 Bg7 21. Qxb7 Rb8 22. Qxa7 Rxb2 23. a5 Rxc2 24. Qb6 d3 25. Rd1 Qxb6 26. axb6 Bd4 27. b7 Bxf2+ 28. Kh2 Rb2 29. Rxd3 Kg7 30. Rd2 Bxg3+ 31. Kxg3 Rxb7 32. Rd3 h5 33. h4 Ra7 34. Ne3 Ra4 35. Rc3 Nd4 36. Bf1 Ne6 37. Bc4 Nc5 38. Kf3 Nd7 39. Ke4 Nf6+ 40. Kf4 Nd7 41. Rd3 Nf6 42. Rd6 Rb4 43. Rc6 Rb2 44. Rc7 Rf2+ 45. Ke5 Ng4+ 46. Nxg4 hxg4 47. Bd5 g3 48. Rc3 Rh2 49. Rf3 f5 50. Rxg3 Rxh4 51. Be6 Re4+ 52. Kd6 Kf6 53. Bd5 Rd4 54. Ra3 g5 55. Kc5 Rd2 56. Ra6+ Ke5 57. Re6+ Kf4 58. Re8 g4 59. Rf8 Re2 60. Bc6 Re5+ 61. Kd4 Re7 62. Bd5 g3 63. Rg8 Re1 64. Kc3 Rd1 65. Bb3 Rd7 66. Ba4 Rd6 67. Bc2 Rd5 68. Bb3 Rd7 69. Bc4 Kf3 70. Be6 Rc7+ 71. Kd4 f4 72. Ke5 Rc5+ 73. Bd5+ Ke3 74. Ra8 Rc3 75. Rf8 Ra3 76. Rxf4 g2 77. Rg4 Kf2 78. Rxg2+ Kf1 79. Rb2 Ke1 80. Be4 Rg3 81. Kf4 Rc3 82. Bf3 Kf1 83. Kg3 Ke1 84. Ra2 Rb3 85. Re2+ Kd1 86. Rb2+ Kc1 87. Rxb3 1-0

[Event "Titled Tuesday intern op 20th Dec Early"]
[Site "Chess.com INT"]
[Date "2022.12.20"]
[Round "1"]
[White "Rakhimgaliyev, Yerlan"]
[Black "Boros, Denes"]
[Result "0-1"]
[WhiteElo "2279"]
[BlackElo "2402"]
[PlyCount "66"]
[EventDate "2022.12.20"]
[EventType "swiss (blitz)"]
[EventRounds "11"]
[EventCountry "USA"]
[SourceTitle "EXT 2024"]
[Source "ChessBase"]
[SourceDate "2023.10.10"]
[SourceVersion "1"]
[SourceVersionDate "2023.10.10"]
[SourceQuality "1"]

1. e4 b6 2. d4 Bb7 3. Bd3 e6 4. Nf3 Ne7 5. 0-0 d6 6. c4 Ng6 7. Nc3 Be7 8. Re1 Nd7 9. b3 0-0 10. Bb2 a6 11. Qc2 c5 12. Rad1 cxd4 13. Nxd4 Qc7 14. Qe2 Nde5 15. Bb1 Bf6 16. g3 Nc6 17. Nxc6 Qxc6 18. h4 b5 19. cxb5 axb5 20. Rc1 Qb6 21. h5 Ne7 22. h6 g6 23. Nd5 Nxd5 24. exd5 e5 25. Kh2 Bg5 26. f4 exf4 27. Qg4 Qf2+ 28. Kh3 Bxh6 29. Bxg6 hxg6 30. Re2 Qxg3+ 31. Qxg3 fxg3 32. Rc7 Bxd5 33. Kxg3 Bg7 0-1

[Event "Titled Tuesday intern op 01st Nov Early"]
[Site "Chess.com INT"]
[Date "2022.11.01"]
[Round "2"]
[White "Rakhimgaliyev, Yerlan"]
[Black "Levine, David M"]
[Result "0-1"]
[WhiteElo "2279"]
[BlackElo "2068"]
[PlyCount "54"]
[EventDate "2022.11.01"]
[EventType "swiss (blitz)"]
[EventRounds "11"]
[EventCountry "USA"]
[SourceTitle "EXT 2024"]
[Source "ChessBase"]
[SourceDate "2023.10.10"]
[SourceVersion "1"]
[SourceVersionDate "2023.10.10"]
[SourceQuality "1"]

1. e4 e5 2. Nf3 Nc6 3. Bb5 a6 4. Ba4 Nf6 5. 0-0 Be7 6. d3 d6 7. Nc3 0-0 8. h3 Bd7 9. Bg5 h6 10. Bh4 Re8 11. Nd5 Nxd5 12. exd5 Bxh4 13. dxc6 bxc6 14. d4 e4 15. Nd2 d5 16. c4 Bf6 17. Nb3 dxc4 18. Na5 Re6 19. Nxc4 Be8 20. Qc2 Bxd4 21. Rad1 c5 22. Na5 e3 23. fxe3 Rxe3 24. Kh1 Qh4 25. Nc6 Bxc6 26. Bxc6 Rb8 27. Qc4 Rxh3+ 0-1

[Event "Titled Tuesday intern op 15th Feb Early"]
[Site "Chess.com INT"]
[Date "2022.02.15"]
[Round "2"]
[White "Rakhimgaliyev, Yerlan"]
[Black "Musat, Adrian"]
[Result "1-0"]
[WhiteElo "2279"]
[BlackElo "2378"]
[PlyCount "37"]
[EventDate "2022.02.15"]
[EventType "swiss (blitz)"]
[EventRounds "11"]
[EventCountry "USA"]
[SourceTitle "CBM 206 Extra"]
[Source "ChessBase"]
[SourceDate "2022.03.31"]
[SourceVersion "1"]
[SourceVersionDate "2022.03.31"]
[SourceQuality "1"]

1. e4 e5 2. Nf3 Nc6 3. Bb5 a6 4. Ba4 Nf6 5. 0-0 Be7 6. Re1 b5 7. Bb3 0-0 8. a4 Bb7 9. d3 d5 10. exd5 Nxd5 11. Nxe5 Nd4 12. Ba2 Bd6 13. Nc3 Nxc3 14. bxc3 Nf5 15. Qg4 g6 16. Bg5 Qc8 17. Bf6 Nh6 18. Qg5 Nf5 19. Nxg6 1-0

[Event "Titled Tuesday intern op 15th Feb Early"]
[Site "Chess.com INT"]
[Date "2022.02.15"]
[Round "6"]
[White "Rakhimgaliyev, Yerlan"]
[Black "Shevtchenko, Olesya"]
[Result "1-0"]
[WhiteElo "2279"]
[BlackElo "2054"]
[PlyCount "55"]
[EventDate "2022.02.15"]
[EventType "swiss (blitz)"]
[EventRounds "11"]
[EventCountry "USA"]
[SourceTitle "CBM 206 Extra"]
[Source "ChessBase"]
[SourceDate "2022.03.31"]
[SourceVersion "1"]
[SourceVersionDate "2022.03.31"]
[SourceQuality "1"]

1. e4 c5 2. Nf3 Nc6 3. c3 Nf6 4. e5 Nd5 5. d4 cxd4 6. Bc4 Nb6 7. Bb3 d5 8. exd6 Qxd6 9. 0-0 Be6 10. Na3 Bxb3 11. axb3 e6 12. Nb5 Qd8 13. Bf4 Nd5 14. Bg3 a6 15. Nbxd4 Nxd4 16. Qxd4 Qb6 17. Qa4+ Qc6 18. Qxc6+ bxc6 19. b4 Be7 20. Ne5 c5 21. b5 f6 22. Nc6 Kf7 23. bxa6 Rhc8 24. Nxe7 Kxe7 25. Rfd1 Rc6 26. a7 c4 27. Bb8 Nb6 28. Ra6 1-0